[Event "Paracin op-A 15th"]
[Site "Paracin"]
[Date "2022.07.09"]
[Round "2"]
[White "Jocev, Milan"]
[Black "Kolbert, Engelbert"]
[Result "1/2-1/2"]
[WhiteElo "2317"]
[BlackElo "2084"]
[PlyCount "102"]
[EventDate "2022.07.08"]
[EventType "swiss"]
[EventRounds "9"]
[EventCountry "SRB"]
[SourceTitle "EXT 2023"]
[Source "ChessBase"]
[SourceDate "2022.10.05"]
[SourceVersion "1"]
[SourceVersionDate "2022.10.05"]
[SourceQuality "1"]

1. Nf3 d5 2. d4 c6 3. c4 Nf6 4. e3 g6 5. Nc3 Bg7 6. h3 0-0 7. cxd5 cxd5 8. Bd3 Nc6 9. 0-0 Re8 10. b3 e5 11. Bb5 exd4 12. Nxd4 Bd7 13. Bxc6 bxc6 14. Na4 Ne4 15. Ba3 Qg5 16. f4 Qg3 17. Rf3 Qh4 18. Rc1 Rac8 19. Nc5 Nxc5 20. Bxc5 a6 21. Qd2 Re4 22. Qf2 Qf6 23. Qd2 Qh4 24. Ne2 Ree8 25. Nd4 Re4 26. b4 h6 27. Ne2 g5 28. fxg5 hxg5 29. Rcf1 Be5 30. R1f2 f5 31. Nc3 g4 32. g3 Bxg3 33. Rxg3 Qxg3+ 34. Rg2 Qxh3 35. Nxe4 fxe4 36. Qf2 Qf3 37. Qh4 Qd1+ 38. Kh2 Qf3 39. Qg5+ Kf7 40. Qh5+ Ke6 41. Qg6+ Qf6 42. Qxg4+ Qf5 43. Qg6+ Qxg6 44. Rxg6+ Kf5 45. Rd6 Be6 46. Kg3 d4 47. Bxd4 Bxa2 48. Kh4 Be6 49. Kg3 Rg8+ 50. Kf2 Rc8 51. Kg3 Rg8+ 1/2-1/2

[Event "Paracin Summer op 14th"]
[Site "Paracin"]
[Date "2021.07.09"]
[Round "1"]
[White "Bhambure, Shantanu"]
[Black "Kolbert, Engelbert"]
[Result "1/2-1/2"]
[WhiteElo "2391"]
[BlackElo "2113"]
[PlyCount "47"]
[EventDate "2021.07.09"]
[EventType "swiss"]
[EventRounds "9"]
[EventCountry "SRB"]
[SourceTitle "EXT 2022"]
[Source "ChessBase"]
[SourceDate "2021.10.06"]
[SourceVersion "1"]
[SourceVersionDate "2021.10.06"]
[SourceQuality "1"]

1. d4 d5 2. c4 c6 3. Nf3 Nf6 4. Nc3 dxc4 5. a4 Bf5 6. Ne5 e6 7. f3 Bb4 8. e4 Bxe4 9. fxe4 Nxe4 10. Bd2 Qxd4 11. Nxe4 Qxe4+ 12. Qe2 Bxd2+ 13. Kxd2 Qd4+ 14. Kc2 0-0 15. Nxc4 Na6 16. Qe3 Rad8 17. Be2 Qf6 18. Rad1 b5 19. Ne5 Nb4+ 20. Kc1 Rd5 21. Rxd5 Nxd5 22. Qe4 bxa4 23. Nd3 g6 24. h4 1/2-1/2

[Event "Paracin Summer op-A 11th"]
[Site "Paracin"]
[Date "2018.07.12"]
[Round "8"]
[White "Kolbert, Engelbert"]
[Black "Zhukov, Anton"]
[Result "1/2-1/2"]
[WhiteElo "2124"]
[BlackElo "2046"]
[PlyCount "53"]
[EventDate "2018.07.06"]
[EventType "swiss"]
[EventRounds "9"]
[EventCountry "SRB"]
[SourceTitle "EXT 2019"]
[Source "ChessBase"]
[SourceDate "2018.10.10"]
[SourceVersion "1"]
[SourceVersionDate "2018.10.10"]
[SourceQuality "1"]

1. e4 c6 2. d4 d5 3. Nc3 dxe4 4. Nxe4 Bf5 5. Ng3 Bg6 6. Nf3 Nd7 7. Nh4 e6 8. Nxg6 hxg6 9. c3 Ngf6 10. Bc4 Bd6 11. Qf3 Qc7 12. Bg5 0-0 13. 0-0 c5 14. Bb3 Rac8 15. Bxf6 Nxf6 16. dxc5 Bxg3 17. hxg3 Qe7 18. Rad1 Rxc5 19. Rd4 g5 20. Rfd1 g6 21. Qd3 Kg7 22. Rd8 Qxd8 23. Qxd8 Rxd8 24. Rxd8 Re5 25. Kf1 Ne4 26. Bc2 Nf6 27. Bb3 1/2-1/2

[Event "Paracin Summer op-A 11th"]
[Site "Paracin"]
[Date "2018.07.10"]
[Round "6"]
[White "Kolbert, Engelbert"]
[Black "Ayan, Bengu Sena"]
[Result "1/2-1/2"]
[WhiteElo "2124"]
[BlackElo "1787"]
[PlyCount "68"]
[EventDate "2018.07.06"]
[EventType "swiss"]
[EventRounds "9"]
[EventCountry "SRB"]
[SourceTitle "EXT 2019"]
[Source "ChessBase"]
[SourceDate "2018.10.10"]
[SourceVersion "1"]
[SourceVersionDate "2018.10.10"]
[SourceQuality "1"]

1. e4 e6 2. d4 d5 3. Nc3 Nf6 4. Bg5 Be7 5. e5 Nfd7 6. h4 Nc6 7. Nf3 Nb6 8. a3 h6 9. Bf4 Na5 10. b3 Bd7 11. Bd3 a6 12. Qd2 c5 13. dxc5 Bxc5 14. b4 Nac4 15. Qc1 Be7 16. Rh3 Qc7 17. Kf1 0-0-0 18. Kg1 Rdg8 19. h5 g5 20. hxg6 fxg6 21. Rxh6 g5 22. Rxh8 Rxh8 23. Bxg5 Nxe5 24. Bxe7 Nxf3+ 25. gxf3 Qxc3 26. Bd6 Qf6 27. Qe1 Rg8+ 28. Bg3 Nc4 29. Kg2 Bc6 30. Be2 d4 31. Qd1 Rh8 32. Bxc4 Qh6 33. Qh1 Qf6 34. Qd1 Qh6 1/2-1/2

[Event "Paracin Summer op-A 11th"]
[Site "Paracin"]
[Date "2018.07.07"]
[Round "2"]
[White "Lajthajm, Borko"]
[Black "Kolbert, Engelbert"]
[Result "1-0"]
[WhiteElo "2422"]
[BlackElo "2124"]
[PlyCount "43"]
[EventDate "2018.07.06"]
[EventType "swiss"]
[EventRounds "9"]
[EventCountry "SRB"]
[SourceTitle "CBM 185 Extra"]
[Source "ChessBase"]
[SourceDate "2018.07.29"]
[SourceVersion "1"]
[SourceVersionDate "2018.07.29"]
[SourceQuality "1"]

1. d4 Nf6 2. c4 g6 3. Nc3 Bg7 4. e4 d6 5. h3 0-0 6. Bg5 Nbd7 7. Nf3 e5 8. d5 h6 9. Be3 Nc5 10. Nd2 a5 11. g4 g5 12. Be2 c6 13. h4 Nh7 14. hxg5 hxg5 15. Nf1 cxd5 16. cxd5 Bd7 17. Ng3 a4 18. Qd2 f6 19. Nf5 Be8 20. Bxc5 dxc5 21. Bc4 Bf7 22. Qd3 1-0

[Event "SRB Central-ch op-A 4th"]
[Site "Paracin"]
[Date "2011.07.09"]
[Round "2"]
[White "Kolbert, Engelbert"]
[Black "Markoja, Sebastijan"]
[Result "1/2-1/2"]
[WhiteElo "2161"]
[BlackElo "1923"]
[PlyCount "80"]
[EventDate "2011.07.08"]
[EventType "swiss"]
[EventRounds "9"]
[EventCountry "SRB"]
[SourceTitle "CBM 143 Extra"]
[Source "ChessBase"]
[SourceDate "2011.08.29"]
[SourceVersion "1"]
[SourceVersionDate "2011.08.29"]
[SourceQuality "1"]

1. e4 e5 2. Nf3 Nc6 3. Bc4 Nf6 4. d4 exd4 5. 0-0 Nxe4 6. Re1 d5 7. Bxd5 Qxd5 8. Nc3 Qh5 9. Nxe4 Be6 10. Bg5 Bd6 11. h3 0-0 12. Nxd4 Qxd1 13. Raxd1 Nxd4 14. Nxd6 Nxc2 15. Re2 cxd6 16. Rxc2 d5 17. Rc7 b6 18. f4 Rfc8 19. Rdc1 d4 20. g4 h6 21. Bh4 d3 22. Rxc8+ Rxc8 23. Rxc8+ Bxc8 24. Kf2 h5 25. f5 g6 26. fxg6 fxg6 27. gxh5 gxh5 28. Ke3 Bf5 29. Bg3 Kf7 30. Bb8 a6 31. h4 Ke6 32. Bc7 b5 33. a3 Kd5 34. Kd2 Kc4 35. Be5 Kb3 36. Bc3 Bg6 37. Bf6 a5 38. Bc3 b4 39. axb4 axb4 40. Bf6 Bf5 1/2-1/2

[Event "Valjevo op"]
[Site "Valjevo"]
[Date "2010.11.11"]
[Round "6"]
[White "Ilic, Dragan M"]
[Black "Kolbert, Engelbert"]
[Result "1-0"]
[WhiteElo "2376"]
[BlackElo "2141"]
[PlyCount "61"]
[EventDate "2010.11.08"]
[EventType "swiss"]
[EventRounds "9"]
[EventCountry "YUG"]
[SourceTitle "EXT 2011"]
[Source "ChessBase"]
[SourceDate "2010.11.26"]
[SourceVersion "1"]
[SourceVersionDate "2010.11.26"]
[SourceQuality "1"]

1. d4 Nf6 2. c4 g6 3. Nc3 Bg7 4. e4 d6 5. f4 0-0 6. Nf3 c5 7. d5 e6 8. Be2 exd5 9. cxd5 Re8 10. e5 dxe5 11. fxe5 Ng4 12. Bg5 Qa5 13. 0-0 Nxe5 14. d6 Be6 15. Nd5 Nbd7 16. Nc7 Rac8 17. Nxe8 Rxe8 18. Nxe5 Bxe5 19. Kh1 Bxb2 20. Rb1 Qxa2 21. Bf3 b6 22. Rf2 Bb3 23. Qg1 Bd4 24. Rxa2 Bxa2 25. Qd1 Bxb1 26. Qxb1 Re6 27. g3 Rxd6 28. Qa2 a5 29. Qa4 Ne5 30. Qe8+ Kg7 31. Be7 1-0

[Event "Paracin op 3rd"]
[Site "Paracin"]
[Date "2010.07.09"]
[Round "1"]
[White "Kolbert, Engelbert"]
[Black "Lajthajm, Borko"]
[Result "0-1"]
[WhiteElo "2129"]
[BlackElo "2493"]
[PlyCount "128"]
[EventDate "2010.07.09"]
[EventType "swiss"]
[EventRounds "9"]
[EventCountry "YUG"]
[SourceTitle "CBM 137 Extra"]
[Source "ChessBase"]
[SourceDate "2010.09.01"]
[SourceVersion "1"]
[SourceVersionDate "2010.09.01"]
[SourceQuality "1"]

1. e4 d5 2. exd5 Qxd5 3. Nc3 Qd6 4. d4 Nf6 5. Nf3 a6 6. Bc4 b5 7. Bb3 e6 8. Bg5 Bb7 9. 0-0 c5 10. dxc5 Qxd1 11. Raxd1 Nbd7 12. c6 Bxc6 13. Nd4 Bb7 14. Rfe1 0-0-0 15. a4 b4 16. Nce2 Nc5 17. c3 bxc3 18. bxc3 e5 19. Bxf7 exd4 20. Rxd4 Rxd4 21. cxd4 Nce4 22. Be6+ Kb8 23. Be3 Bb4 24. Rb1 a5 25. f3 Nd6 26. Bf4 Rd8 27. Be5 Ka8 28. Nf4 Nde8 29. Nd3 Bd5 30. Bh3 Bc3 31. Rb6 Bc4 32. Nb2 Bxd4+ 33. Bxd4 Rxd4 34. Nxc4 Rxc4 35. Ra6+ Kb7 36. Rxa5 Kb6 37. Ra8 Rc5 38. Kf2 Kb7 39. Rd8 Rc4 40. a5 Rc5 41. a6+ Kxa6 42. Rb8 Ka7 43. Rb3 Nc7 44. Ke3 Nb5 45. Rb2 Kb6 46. g3 Kc6 47. f4 Nd6 48. Ra2 Rc3+ 49. Kf2 Nde4+ 50. Kg2 Kd6 51. Ra6+ Rc6 52. Rxc6+ Kxc6 53. Be6 Kd6 54. Ba2 Kc5 55. Kf3 Kd4 56. h3 Nd2+ 57. Kf2 Nfe4+ 58. Kg2 Ke3 59. Bg8 Nf6 60. Bf7 Nde4 61. f5 h5 62. Bb3 Nd6 63. Bc2 h4 64. gxh4 Kf4 0-1

[Event "SRB Central-ch"]
[Site "Vrnjacka Banja"]
[Date "2008.11.10"]
[Round "4"]
[White "Kolbert, Engelbert"]
[Black "Gagic, Miroljub"]
[Result "0-1"]
[WhiteElo "2189"]
[BlackElo "1851"]
[PlyCount "102"]
[EventDate "2008.11.08"]
[EventType "swiss"]
[EventRounds "9"]
[EventCountry "YUG"]
[SourceTitle "EXT 2010"]
[Source "ChessBase"]
[SourceDate "2010.11.25"]
[SourceVersion "1"]
[SourceVersionDate "2010.11.25"]
[SourceQuality "1"]

1. Nf3 d5 2. b3 Nf6 3. Bb2 e6 4. c4 Be7 5. g3 0-0 6. Bg2 Nbd7 7. 0-0 Rb8 8. Nc3 dxc4 9. bxc4 c5 10. e4 b6 11. e5 Ne8 12. Re1 Ba6 13. Nb5 Bxb5 14. cxb5 Nc7 15. Qa4 Nd5 16. a3 Qc7 17. Qc4 Rfd8 18. Nh4 Nf8 19. Nf5 Ng6 20. h4 Bf8 21. h5 Nge7 22. Nd6 Rd7 23. Rac1 Nc8 24. Ne4 Qd8 25. h6 g6 26. Bh3 Bxh6 27. Re2 Nce7 28. Rce1 Nf5 29. Bxf5 gxf5 30. Nf6+ Nxf6 31. exf6 Bg5 32. Be5 Rbb7 33. Qc3 Rd3 34. Qb2 Rbd7 35. f4 Rxd2 36. Qxd2 Rxd2 37. fxg5 h6 38. gxh6 Kh7 39. Kf2 Rd3 40. Rh1 Qd5 41. Rhe1 c4 42. Re3 Rxe3 43. Rxe3 Qxb5 44. Bc3 a5 45. Ke2 Qc5 46. Bb2 b5 47. Re5 Qc6 48. Bc3 Qg2+ 49. Kd1 Qxg3 50. Kc2 Qd3+ 51. Kb2 b4 0-1

[Event "SRB Central-ch"]
[Site "Vrnjacka Banja"]
[Date "2008.11.09"]
[Round "2"]
[White "Kolbert, Engelbert"]
[Black "Matejic, Dragoljub"]
[Result "1-0"]
[WhiteElo "2189"]
[BlackElo "1918"]
[PlyCount "91"]
[EventDate "2008.11.08"]
[EventType "swiss"]
[EventRounds "9"]
[EventCountry "YUG"]
[SourceTitle "EXT 2010"]
[Source "ChessBase"]
[SourceDate "2010.11.25"]
[SourceVersion "1"]
[SourceVersionDate "2010.11.25"]
[SourceQuality "1"]

1. Nf3 d5 2. b3 Nf6 3. Bb2 Nbd7 4. c4 c6 5. g3 e6 6. Bg2 Bd6 7. d4 dxc4 8. bxc4 Bb4+ 9. Nbd2 Ne4 10. 0-0 Nxd2 11. Nxd2 0-0 12. Qc2 Nf6 13. Rfd1 Qe7 14. Nb3 Ba3 15. Bc3 Bb4 16. Bxb4 Qxb4 17. Nc5 Qa5 18. Rab1 Qc7 19. Qa4 b6 20. Qxc6 Qxc6 21. Bxc6 Rb8 22. e4 Ne8 23. e5 Nc7 24. d5 exd5 25. cxd5 Bf5 26. Nd7 Bxb1 27. Rxb1 Rbd8 28. Nxf8 Kxf8 29. Rd1 Na6 30. Rd4 Nc5 31. f4 g6 32. g4 a6 33. f5 f6 34. exf6 Kf7 35. g5 gxf5 36. h4 h6 37. d6 hxg5 38. hxg5 Ne4 39. Bxe4 fxe4 40. Rxe4 Rxd6 41. Re7+ Kf8 42. Kh2 Rd5 43. Rg7 b5 44. Kh3 b4 45. Kg4 a5 46. Ra7 1-0

[Event "SRB-chT2 East"]
[Site "Golubac"]
[Date "2008.09.28"]
[Round "3.2"]
[White "Kolbert, Engelbert"]
[Black "Lapcevic, Milos"]
[Result "0-1"]
[WhiteElo "2218"]
[BlackElo "2342"]
[PlyCount "131"]
[EventDate "2008.09.14"]
[EventType "team"]
[EventRounds "11"]
[EventCountry "SRB"]
[SourceTitle "EXT 2012"]
[Source "ChessBase"]
[SourceDate "2011.11.24"]
[SourceVersion "1"]
[SourceVersionDate "2011.11.24"]
[SourceQuality "1"]

1. e4 c5 2. Nf3 e6 3. c3 d5 4. exd5 Qxd5 5. d4 Nf6 6. Bd3 cxd4 7. cxd4 Bb4+ 8. Nc3 0-0 9. 0-0 Bxc3 10. bxc3 b6 11. Re1 Nbd7 12. Ng5 Bb7 13. f3 e5 14. Nxh7 Nxh7 15. Be4 Qc4 16. Bxb7 Rab8 17. Be4 Qxc3 18. Be3 Nhf6 19. dxe5 Qxe5 20. Bd4 Qd6 21. Bf5 Rfe8 22. Rxe8+ Rxe8 23. Qd2 Nc5 24. Rd1 Qe7 25. Qg5 Rd8 26. Qh4 Ne6 27. Re1 Rxd4 28. Qxd4 Nxd4 29. Rxe7 Nxf5 30. Rxa7 Nd5 31. a4 g6 32. Kf2 Nfe7 33. a5 bxa5 34. Rxa5 Kg7 35. Ra6 Nc7 36. Ra7 Ned5 37. Rb7 Kf6 38. Ra7 Ne6 39. Rb7 Nef4 40. Ra7 Nd3+ 41. Ke2 N3f4+ 42. Kf2 Ke6 43. Ra6+ Ke5 44. Ra7 f6 45. Ra5 Ne6 46. h4 f5 47. g4 Nef4 48. Kg3 Kf6 49. Ra6+ Ne6 50. Rd6 Ke5 51. Rc6 Kf6 52. Rd6 Ndf4 53. Ra6 Nd3 54. Rd6 Ndc5 55. Rc6 Kf7 56. Rd6 fxg4 57. Kxg4 Ng7 58. Rc6 Nce6 59. Ra6 Nh5 60. Ra7+ Kf6 61. Ra6 Kf7 62. Ra7+ Kg8 63. Ra8+ Kh7 64. Ra7+ Kh6 65. Rf7 Nc5 66. Rf8 0-1

[Event "Senta op-A 12th"]
[Site "Senta"]
[Date "2008.07.19"]
[Round "2"]
[White "Kolbert, Engelbert"]
[Black "Budimir, Boris"]
[Result "0-1"]
[WhiteElo "2218"]
[BlackElo "2311"]
[PlyCount "70"]
[EventDate "2008.07.18"]
[EventType "swiss"]
[EventRounds "9"]
[EventCountry "YUG"]
[SourceTitle "CBM 125 Extra"]
[Source "ChessBase"]
[SourceDate "2008.09.01"]
[SourceVersion "1"]
[SourceVersionDate "2008.09.01"]
[SourceQuality "1"]

1. Nf3 Nf6 2. g3 c5 3. c4 g6 4. Bg2 Bg7 5. d4 cxd4 6. Nxd4 Nc6 7. Nc3 0-0 8. 0-0 Nxd4 9. Qxd4 d6 10. Qh4 Rb8 11. Rd1 Qb6 12. Be3 Qxb2 13. Bxa7 Qxc3 14. Bxb8 Qa5 15. Rab1 Bg4 16. Rxb7 g5 17. Ra7 Qf5 18. e4 Qg6 19. Qxg4 Nxg4 20. Rb7 Qh5 21. a4 Nxh2 22. Rd5 Nf3+ 23. Kf1 Nd4 24. f3 e6 25. Rxd6 g4 26. f4 Qa5 27. e5 Nf3 28. Bxf3 gxf3 29. Kf2 Qxa4 30. Rdb6 Qxc4 31. Kxf3 Qd3+ 32. Kg4 Qd1+ 33. Kh3 Qh1+ 34. Kg4 h5+ 35. Kg5 Qh3 0-1

[Event "Novi Sad op-A"]
[Site "Novi Sad"]
[Date "2008.04.11"]
[Round "8"]
[White "Kolbert, Engelbert"]
[Black "Jevtic, Miroljub L"]
[Result "0-1"]
[WhiteElo "2242"]
[BlackElo "2158"]
[PlyCount "178"]
[EventDate "2008.04.06"]
[EventType "swiss"]
[EventRounds "9"]
[EventCountry "YUG"]
[SourceTitle "CBM 123 Extra"]
[Source "ChessBase"]
[SourceDate "2008.05.06"]
[SourceVersion "1"]
[SourceVersionDate "2008.05.06"]
[SourceQuality "1"]

1. e4 e5 2. Nf3 Nc6 3. Bb5 a6 4. Ba4 Nf6 5. 0-0 Be7 6. Re1 b5 7. Bb3 d6 8. c3 Na5 9. Bc2 c5 10. d4 Qc7 11. h3 Nc6 12. d5 Na5 13. b3 Bd7 14. Nbd2 h6 15. Nf1 Nh7 16. N3h2 Bg5 17. Ng3 g6 18. f4 Bxf4 19. Bxf4 exf4 20. e5 0-0 21. exd6 Qb6 22. Ne2 Qxd6 23. Qd2 g5 24. c4 Nb7 25. Ng4 f5 26. Qd3 Rf7 27. Nf2 Re7 28. Nc3 Rae8 29. Rxe7 Rxe7 30. cxb5 Re3 31. bxa6 Rxd3 32. Bxd3 Na5 33. a7 Qf8 34. a3 Qa8 35. Re1 Qxa7 36. Re7 Nf6 37. Bxf5 Kf8 38. Nb5 Kxe7 39. d6+ Kf7 40. Nxa7 Bxf5 41. b4 cxb4 42. axb4 Nb7 43. Nb5 Bd7 44. Nd4 Nxd6 45. Kh2 Nb5 46. Nf3 Bf5 47. g3 fxg3+ 48. Kxg3 Ne4+ 49. Nxe4 Bxe4 50. Nxg5+ hxg5 51. h4 gxh4+ 52. Kxh4 Bc6 53. Kg5 Nd4 54. Kf4 Nc2 55. Ke5 Nxb4 56. Kd6 Bf3 57. Kc5 Nc6 58. Kd6 Kf6 59. Kc5 Ke7 60. Kc4 Kd6 61. Kd3 Bd5 62. Ke3 Ke5 63. Kd3 Be6 64. Kc3 Ke4 65. Kd2 Kd4 66. Ke2 Bd5 67. Kf2 Ne5 68. Kg3 Ke4 69. Kf2 Nf3 70. Kg3 Be6 71. Kf2 Nd4 72. Kg3 Bf5 73. Kh4 Ne6 74. Kg3 Bg6 75. Kg4 Ke3 76. Kg3 Bh5 77. Kg2 Be2 78. Kg3 Bf3 79. Kh4 Kf4 80. Kh3 Ng5+ 81. Kh2 Be2 82. Kg2 Ne4 83. Kh3 Kg5 84. Kg2 Kg4 85. Kg1 Kg3 86. Kh1 Nd2 87. Kg1 Bf1 88. Kh1 Bg2+ 89. Kg1 Nf3# 0-1